Hazardous waste management /
保存先:
| 第一著者: | |
|---|---|
| フォーマット: | 図書 |
| 言語: | English |
| 出版事項: |
New York :
McGraw-Hill,
1994.
|
| 主題: | |
| タグ: |
タグ追加
タグなし, このレコードへの初めてのタグを付けませんか!
|
| Thư viện lưu trữ: | Mạng thư viện Đại học Đà Nẵng |
|---|
| LEADER | 00795cam a2200313 i 4500 | ||
|---|---|---|---|
| 001 | 000045258 | ||
| 003 | 4429 | ||
| 005 | 20030226102901.0 | ||
| 008 | 010319|1994 vm 000 eng | ||
| 020 | |a 0070195528 | ||
| 040 | |a IRC |c IRC |d IRC | ||
| 041 | 0 | |a eng | |
| 082 | 1 | 4 | |a 363.728760973 |b LA-M |
| 100 | 1 | |a LaGrega, Michael D. | |
| 245 | 0 | 0 | |a Hazardous waste management / |c Michael D. LaGrega. |
| 260 | |a New York : |b McGraw-Hill, |c 1994. | ||
| 300 | |a xxxii, 1146p. : |b ill. | ||
| 630 | 0 | 4 | |a Hazardous wastes. |
| 650 | 0 | 4 | |a Hazardous wastes |x Management. |
| OWN | |a DUT | ||
| 999 | |a From the UDN01 | ||
| TYP | |a Monograph | ||
| TYP | |a Printed language | ||
| 980 | |a Mạng thư viện Đại học Đà Nẵng | ||


